000 00319nam a22001457a 4500
008 210305b ||||| |||| 00| 0 eng d
020 _a9780323084697
041 _aeng
080 _28th
_a610.73
082 _2610.73
100 _a2
101 _aINF
245 _aFundamentals of Nursing
_cOchs,G
942 _2udc
_cBK
999 _c55793
_d55793